000
00281nam a2200121 a 4500
005
20141022142002.0
008
090305s19uu xx 00 eng d
050
_a
AVM
245
_a
Kids with Down Syndrome.
650
_a
DVD.
650
_a
Kids with Down Syndrome
942
_c
AVM
999
_c
276334
_d
276334